|
|
|
|
| LEADER |
00000nam0a2200000 4500 |
| 001 |
160952 |
| 005 |
20231101222225.0 |
| 010 |
|
|
|a 9785895453018
|
| 035 |
|
|
|a (RuTPU)RU\TPU\book\174548
|
| 090 |
|
|
|a 160952
|
| 100 |
|
|
|a 20090601d2008 k y0rusy50 ca
|
| 101 |
0 |
|
|a rus
|
| 102 |
|
|
|a RU
|
| 105 |
|
|
|a a z 001zy
|
| 200 |
1 |
|
|a Современные проблемы социального и экономического управления
|e сборник научных трудов
|h Вып. 2
|f Сургутский государственный университет (СурГУ); под ред. А. В. Наумовой; Э. Б. Вороновой; О. Г. Колосовой
|
| 210 |
|
|
|a Саратов
|c Изд-во СурГУ
|d 2008
|
| 215 |
|
|
|a 215 с.
|c ил.
|
| 320 |
|
|
|a Библиография в примечаниях.
|
| 330 |
|
|
|a Сборник включает статьи профессорско-преподавательского состава и аспирантов факультета управления СурГУ, посвященные современным проблемам социального и экономического управления. В работах содержатся результаты исследований, выполненных на факультете в рамках научного направления «Организация управления в кластерных образованиях экономики» (2004-2008 гг.) (ВНТИЦ № 0120.0 403902 02 0302 475 0364), касающиеся тенденций развития современного менеджмента, проблем экономики и управления на предприятии, проблем развития государственного и муниципального управления, управления человеческими ресурсами в условиях глобализации. Сборник предназначен для научных работников, менеджеров предприятий, государственных служащих, преподавателей, аспирантов, магистрантов и студентов управленческих специальностей.
|
| 606 |
1 |
|
|a Социальное управление
|2 stltpush
|3 (RuTPU)RU\TPU\subj\55685
|9 73693
|
| 606 |
1 |
|
|a Управление
|x Экономика
|x Теория
|y Россия
|y СССР
|2 stltpush
|3 (RuTPU)RU\TPU\subj\37161
|9 58285
|
| 610 |
1 |
|
|a экономическое управление
|
| 610 |
1 |
|
|a менеджмент
|
| 610 |
1 |
|
|a бюджетирование
|
| 610 |
1 |
|
|a брендинг
|
| 610 |
1 |
|
|a консалтинг
|
| 610 |
1 |
|
|a деверсификация
|
| 610 |
1 |
|
|a конкурентные преимущества
|
| 610 |
1 |
|
|a стратегический менеджмент
|
| 610 |
1 |
|
|a антикризисное управление
|
| 610 |
1 |
|
|a государственное управление
|
| 610 |
1 |
|
|a муниципальное управление
|
| 610 |
1 |
|
|a персонал
|
| 610 |
1 |
|
|a кадровый мененджмент
|
| 610 |
1 |
|
|a человеческие ресурсы
|
| 610 |
1 |
|
|a тимбилдинг
|
| 686 |
|
|
|a С55.372я73
|v LBC/SL-A
|2 rubbk
|
| 686 |
|
|
|a У9(2)210я73
|v LBC/SL-A
|2 rubbk
|
| 702 |
|
1 |
|a Наумова
|b А. В.
|g Александра Васильевна
|4 340
|
| 702 |
|
1 |
|a Воронова
|b Э. Б.
|g Элина Борисовна
|4 340
|
| 702 |
|
1 |
|a Колосова
|b О. Г.
|g Ольга Геннадьевна
|4 340
|
| 712 |
0 |
2 |
|a Сургутский государственный университет (СурГУ)
|2 stltpush
|3 (RuTPU)RU\TPU\col\3446
|
| 801 |
|
1 |
|a RU
|b 63413507
|c 20090601
|g PSBO
|
| 801 |
|
2 |
|a RU
|b 63413507
|c 20090618
|g PSBO
|
| 942 |
|
|
|c BK
|